| 000 | 02664cam a2200505 a 4500 | ||
|---|---|---|---|
| 001 | data | ||
| 005 | 20260322212113.0 | ||
| 008 | data | ||
| 035 | _a6235139 | ||
| 906 |
_a7 _bcbc _ccopycat _d3 _eepcn _f20 _gy-nonroman |
||
| 925 | 0 |
_aacquire _b1 shelf copies _xpolicy default |
|
| 010 | _a 77843438 | ||
| 035 | _a(OCoLC)21920326 | ||
| 040 |
_aDLC _beng _cWAU _dDLC _dOCLCF _dOCLCO _dOCLCQ _dOCLCA _dDLC |
||
| 041 | 1 |
_achi _hger |
|
| 042 | _alccopycat | ||
| 050 | 0 | 0 |
_aHB175 _b.M252 |
| 066 | _c$1 | ||
| 100 | 1 |
_aMarx, Karl, _d1818-1883. |
|
| 240 | 1 | 0 |
_aZur Kritik der politischen Ökonomie. _lChinese |
| 245 | 1 | 0 |
_6880-01 _aZheng zhi jing ji xue pi pan / _cMakesi ; Zhong gong zhong yang Makesi En'gesi Liening Sidalin zhu zuo bian yi ju yi. |
| 880 | 1 | 0 |
_6245-01/$1 _a$1!BA!G4'Q<'I&':`!@+!3Z(B / _c$1'a,'3k!>.(B ; $1!04!3(!04!9*'a,'3k!>.!>C!DU!Bd!3W';2!Bd!9%!D$!UN!1?'Q['YF!;P'YF(B. |
| 260 |
_6880-02 _a[Beijing?] : _bRen min chu ban she, _c1976. |
||
| 880 |
_6260-02/$1 _a[$1!4I!0a(B?] : _b$1!0d!FM!3K!JH!Na(B, _c1976. |
||
| 300 |
_a261 pages ; _c21 cm |
||
| 336 |
_atext _btxt _2rdacontent |
||
| 337 |
_aunmediated _bn _2rdamedia |
||
| 338 |
_avolume _bnc _2rdacarrier |
||
| 500 |
_6880-03 _aZhong wen gen ju "Makesi En'gesi juan ji" De wen ban di 13 juan yi chu. |
||
| 880 |
_6500-03/$1 _a$1!04!BX!DN'A|i!T'a,'3k!>.!>C!DU!Bd!3"!_Ai!U!=u!BX!JH!Os(B13$1'@{'YF!3K(B. |
||
| 500 |
_6880-04 _aAppendices (p. 169-221): En'gesi, Ka'er Makesi, "Zheng zhi jing ji xue pi pan"--Makesi, Guan yu "Zheng zhi jing ji xue pi pan" di xin--Makesi, "Zheng zhi jing ji xue pi pan" dao yan. |
||
| 880 |
_6500-04/$1 _aAppendices (p. 169-221): $1!>C!DU!Bd(B, $1!4g'JEi!&'a,'3k!>.(B, $1i!T!BA!G4'Q<'I&':`!@+!3Zi!U(B--$1'a,'3k!>.(B, $1'^i!0Ri!T!BA!G4'Q<'I&':`!@+!3Zi!U!M"!1W(B--$1'a,'3k!>.(B, $1i!T!BA!G4'Q<'I&':`!@+!3Zi!U';D!X7(B. |
||
| 500 |
_6880-05 _a"Zhu shi": pages 222-233. |
||
| 880 |
_6500-05/$1 _a"$1'XL!]8(B": pages 222-233. |
||
| 530 | _aAlso issued online. | ||
| 650 | 0 | _aEconomics. | |
| 650 | 0 | _aMarxian economics. | |
| 650 | 7 |
_aEconomics. _2fast _0(OCoLC)fst00902116 |
|
| 650 | 7 |
_aMarxian economics. _2fast _0(OCoLC)fst01010951 |
|
| 710 | 2 |
_6880-06 _aZhongguo gong chan dang. _bZhong yang Makesi En'gesi Liening Sidalin zhu zuo bian yi ju. |
|
| 880 | 2 |
_6710-06/$1 _a$1!04K7o!3('Kz'bo(B. _b$1!04!9*'a,'3k!>.!>C!DU!Bd!3W';2!Bd!9%!D$!UN!1?'Q['YF!;P(B. |
|
| 776 | 0 | 8 |
_iOnline version: _aMarx, Karl, 1818-1883. _sZur Kritik der politischen Ökonomie. Chinese. _tZheng zhi jing ji xue pi pan. _d[Beijing?] : Ren min chu ban she, 1976 _w(OCoLC)551342318 |
| 991 |
_bc-GenColl _hHB175 _i.M252 _tCopy 1 _wPREM |
||
| 999 |
_c1699 _d1699 |
||